[Event "AUTO-ADV-4929"]
[Site "http://www.queenalice.com/game.php?id=1871735"]
[Date "2026.4.8"]
[Round "1"]
[White "SGF"]
[Black "EduardoRo"]
[Result "0-1"]
[WhiteElo "1642"]
[BlackElo "1670"]

1. e4 e5 2. Qf3 Nf6 3. d3 Bc5 4. Be2 O-O 5. Qg3 g6 6. Bh6 Re8 7. h4 Nh5 8. Bxh5
c6 9. Nc3 d5 10. Nf3 d4 11. Na4 b6 12. Nxe5 Qf6 13. Bg5 Qg7 14. Bf4 Nd7 15. Nxc6
Nf6 16. Be5 Bd7 17. Nxc5 Bxc6 18. f4 bxc5 19. a4 a5 20. Qg5 Re6 21. Bxf6 Rxf6
22. Bf3 Re6 23. Qxc5 h5 24. e5 Bxf3 25. gxf3 Qh6 26. Qxd4 Rb8 27. c4 Rxb2 28.
Qxb2 Qxf4 29. Kf2 Rxe5 30. Rae1 Rxe1 31. Rxe1 Qxh4+ 32. Ke3 Qxe1+ 33. Kd4 Qh4+
34. Kc3 Qf6+ 35. d4 Qxf3+ 36. Kc2 Qe2+ 37. Kb3 Qd3+ 38. Qc3 Qxc3+ 39. Kxc3 h4
40. c5 h3 41. Kc4 h2 42. Kb5 h1=Q 43. Kxa5 Qe1+ 44. Kb5 Kf8 45. a5 Qe8+ 46. c6
f5 47. d5 Ke7 48. a6 Qb8+ 49. Kc5 Qa7+ 50. Kb5 Kd6 51. Kc4 Qxa6+ 52. Kd4 Qa4+
53. Ke3 Kxd5 54. c7 Qb3+ 55. Kf4 Qc4+ 56. Kg5 Qxc7 57. Kxg6 Ke5 58. Kg5 Qf7 59.
Kh4 f4 60. Kh3 f3 61. Kg3 f2 62. Kg2 f1=Q+ 63. Kg3 Qg1+ 64. Kh3 Qh7# 0-1

[Event "AUTO-ADV-4929"]
[Site "http://www.queenalice.com/game.php?id=1871736"]
[Date "2026.4.8"]
[Round "1"]
[White "EduardoRo"]
[Black "SGF"]
[Result "0-1"]
[WhiteElo "1711"]
[BlackElo "1639"]

1. e4 e5 2. Nf3 Qf6 3. Bc4 d6 4. d3 Be7 5. O-O Qg6 6. Re1 h5 7. Be3 h4 8. h3
Bxh3 9. g3 hxg3 10. Bxf7+ Kxf7 11. Bg5 Bxg5 12. fxg3 Bf4 13. Kf2 Qxg3+ 0-1